000
00195 a2200097 4500
020
_a
9780590445061
041
_a
eng
100
_a
paulette Bourgeois
245
_a
franklin in the Dark
942
_c
K
999
_c
31311
_d
31309